Govt. of
Madhya Pradesh

Skills In Mathematics Algebra (Record no. 44714)

MARC details
000 -LEADER
fixed length control field 004970000a22001810004500
003 - CONTROL NUMBER IDENTIFIER
control field MACL
005 - DATE AND TIME OF LATEST TRANSACTION
control field 20160128130228.0
008 - FIXED-LENGTH DATA ELEMENTS--GENERAL INFORMATION
fixed length control field 160128b xxu||||| |||| 00| 0 eng d
040 ## - CATALOGING SOURCE
Original cataloging agency MACL
Transcribing agency MACL
041 ## - LANGUAGE CODE
Language code of text/sound track or separate title English
082 ## - DEWEY DECIMAL CLASSIFICATION NUMBER
Classification number 512/GOY
100 ## - MAIN ENTRY--PERSONAL NAME
Personal name Goyal, Dr. S. K.
9 (RLIN) 34844
245 ## - TITLE STATEMENT
Title Skills In Mathematics Algebra
Remainder of title For IIT and Other Engineering Entrence
260 ## - PUBLICATION, DISTRIBUTION, ETC. (IMPRINT)
Name of publisher, distributor, etc. Arihant Prakashan,Meerut
Date of publication, distribution, etc. 2011
Place of publication, distribution, etc. Meerut
350 ## - PRICE (NR) (BK AM CF MU VM SE) [OBSOLETE]
Price 425
650 ## - SUBJECT ADDED ENTRY--TOPICAL TERM
Topical term or geographic name as entry element Mathematics
9 (RLIN) 5682
942 ## - ADDED ENTRY ELEMENTS (KOHA)
Koha item type Books
Call number prefix 512/GOY
Source of classification or shelving scheme
Holdings
Withdrawn status Lost status Source of classification or shelving scheme Damaged status Not for loan Home library Current library Date acquired Cost, normal purchase price Total Checkouts Full call number Barcode Date last seen Date last checked out Uniform Resource Identifier Price effective from Koha item type
          MACL MACL 28/01/2016 425.00 5 512/GOY CLC004906 22/06/2019 08/06/2019 44979 15/04/2015 Books